| 000 | 00388nam a22001217a 4500 | ||
|---|---|---|---|
| 999 |
_c8482 _d8482 |
||
| 008 | 200219b ||||| |||| 00| 0 eng d | ||
| 020 | _a9780070681897 | ||
| 082 | _a005.133 RAP | ||
| 100 | _aRAVICHANDRAN, D | ||
| 245 |
_aProgramming with C++ _bWith ANSI C++ Standards _hEnglish _n843 Pgs _pDimensions: 47 x 8.1 x 61.7 cm |
||
| 250 |
_a3rd _bJuly 2017 |
||
| 260 |
_aNew Delhi _bMcGraw Hill Education |
||